01740na a2200373 450000100060000000300080000600500170001400800410003103500100007204000250008204100080010708200250011511000610014022200350020124502220023624601280045824600310058624600610061726000220067830000180070044000530071861000710077161000730084261001000091565000300101565000440104565500220108965700300111165700310114165700470117274000640121974000610128383000220134420265MIRAKIL20181213155041.0170120b tu 000 0  a20265 aMilasbturcTR-AnCHP atur aCHP 324.6bC36m 2011 aCumhuriyet Halk Partisi (CHP)bGenel Merkez Hukuk Birimi aMüşahitler için kılavuz aXXIV. dönem milletvekili genel seçimibParti yöneticileri ile sandık kurulu üyeleri ve gözlemciler (müşahitler) için ön bilgilendirme notları 2011cCumhuriyet Halk Partisi Genel Merkez Hukuk Birimi aParti yöneticileri ile sandık kurulu üyeleri ve gözlemciler (müşahitler) için ön bilgilendirme notları 2011 aCHP 2011 seçim kılavuzu a24. dönem milletvekili genel seçimi, 12 Haziran 2011 aAnkarabCHPc2011 a37 s.c19 sm. aCumhuriyet Halk Partisi yayınlarıpKılavuzlar aCumhuriyet Halk Partisi (CHP)xGenel seçimler, 2011yKılavuzlar aCumhuriyet Halk Partisi (CHP)xSandık kurulu üyeleriyKılavuzlar aCumhuriyet Halk Partisi (CHP)xGözlemciler (Müşahitler)xSeçim işlemleriyKılavuzlar aSeçim hukukuzTürkiye aSeçimleryHukuk ve mevzuatzTürkiye aKılavuz kitaplar aCHP seçim kılavuzları aCHP 2011 seçim kılavuzu aCHP gözlemciler (müşahitler) rehberi aCHP 2011 sandık kurulu üyeleri ve müşahitler rehberi aSandık kurulu üyeleri ve müşahitler için rehber aCHP kılavuzları